书目信息 |
| 题名: |
走向二十二世界
|
|
| 作者: | 陆象淦 著 | |
| 分册: | ||
| 出版信息: | 沈阳 辽宁人民出版社 1986 |
|
| 页数: | 307页 | |
| 开本: | 19cm | |
| 丛书名: | 面向世界丛书 | |
| 单 册: | ||
| 中图分类: | F201 | |
| 科图分类: | ||
| 主题词: | 经济预测--理论 | |
| 电子资源: | ||
| ISBN: | ||
| 000 | 00736nam2 2200265 45 | |
| 001 | 1573816728 | |
| 005 | 20150130203036.43 | |
| 010 | @dCNY1.90 | |
| 091 | @aCN@b3090.791 | |
| 100 | @a19900726d1986 em y0chiy0121 ea | |
| 101 | 0 | @achi |
| 102 | @aCN@b210000 | |
| 105 | @ay z 000yy | |
| 200 | 10 | @a走向二十二世界@Azou xiang er shi er shi jie@e卡恩的大过渡理论@f陆象淦著 |
| 210 | @a沈阳@c辽宁人民出版社@d1986 | |
| 215 | @a307页@d19cm | |
| 225 | 2 | @a面向世界丛书 |
| 410 | 0 | @120010@a面向世界丛书 |
| 517 | 1 | @a卡恩的大过渡理论@Aka en de da guo du li lun |
| 606 | @a经济预测@x理论 | |
| 610 | 0 | @a大过渡理论 |
| 690 | @aF201@v3 | |
| 701 | 0 | @a陆象淦@Alu xiang gan@4著 |
| 801 | 0 | @aCN@bTSSF@c20150130 |
| 905 | @aZUCC@dF201@eJY1 | |
| 走向二十二世界:卡恩的大过渡理论/陆象淦著.-沈阳:辽宁人民出版社,1986 |
| 307页;19cm.-(面向世界丛书) |
| ISBN :CNY1.90 |
| ● |
| 相关链接 |
|
|
|
|
正题名:走向二十二世界
索取号:F201/JY1
 
预约/预借
| 序号 | 登录号 | 条形码 | 馆藏地/架位号 | 状态 | 备注 |
| 1 | 7859710 | 278597109 | 学院路分馆/ [索取号:F201/JY1] | 在馆 |